<?xml version="1.0" encoding="UTF-8"?>
<collection xmlns="http://www.loc.gov/MARC21/slim">
  <record>
    <leader>00000nam  2200000   4500</leader>
    <controlfield tag="001">INLIS000000000018836</controlfield>
    <controlfield tag="005">20241218111235</controlfield>
    <datafield tag="035" ind1="#" ind2="#">
      <subfield code="a">0010-1224000207</subfield>
    </datafield>
    <controlfield tag="007">ta</controlfield>
    <controlfield tag="008">241218################g##########0#eng##</controlfield>
    <datafield tag="020" ind1="#" ind2="#">
      <subfield code="a">0-914894-08-0</subfield>
    </datafield>
    <datafield tag="082" ind1="#" ind2="#">
      <subfield code="a">621.381.952</subfield>
    </datafield>
    <datafield tag="084" ind1="#" ind2="#">
      <subfield code="a">621.381.952 TOM i</subfield>
    </datafield>
    <datafield tag="100" ind1=" " ind2="#">
      <subfield code="a">Tomek, Ivan</subfield>
    </datafield>
    <datafield tag="245" ind1="1" ind2="#">
      <subfield code="a">Intoduction To Computer Organization /</subfield>
      <subfield code="c">Ivan Tomek</subfield>
    </datafield>
    <datafield tag="260" ind1="#" ind2="#">
      <subfield code="a">Amerika :</subfield>
      <subfield code="b">Computer Science Press, Inc,</subfield>
      <subfield code="c">1981</subfield>
    </datafield>
    <datafield tag="300" ind1="#" ind2="#">
      <subfield code="a">xii, 156 hlm. :</subfield>
      <subfield code="b">ill. ;</subfield>
      <subfield code="c">23 cm</subfield>
    </datafield>
    <datafield tag="650" ind1="#" ind2="4">
      <subfield code="a">Komputer</subfield>
    </datafield>
    <datafield tag="520" ind1="#" ind2="#">
      <subfield code="a">This text provides a solid and realistic understanding of the operation of modern computer hardware, from the logic rather than from the electronic component viewpoint. It is intended primarily for those students of computer science and hobbyists wgi require a broad yet comprehensive treatment of computer hardware, including logic design and computer organization.</subfield>
    </datafield>
    <datafield tag="990" ind1="#" ind2="#">
      <subfield code="a">20725</subfield>
    </datafield>
  </record>
</collection>
